000 00610nam a2200229 a 4500
001 BRCA_5543
005 20190320205126.0
008 280311s--------be-a######---#000-0#ger-#
041 _ager
044 _abe
050 4 _aND673.W5
_b.B78
100 1 _aAnvers, Hermans G.
_914142
245 1 0 _aMusee Wiertz: Bruxelles
_cAnvers, Hermans G.
300 _a82 p.
_b82 Ilus.
_c25 cm.
500 _aAlbum Ilustrado
500 _aF19
650 1 4 _aMuseos
_zBélgica
_914143
650 1 4 _aMuseos y Colecciones
_zBélgica
_914144
651 4 _aMuseos de Bruselas
_zBélgica
_914145
902 _aGFM
942 _2lcc
_cB
999 _c5237
_d5237